| 000 | 00443nam a22001697a 4500 | ||
|---|---|---|---|
| 005 | 20260113120332.0 | ||
| 020 | _a9781498774789 | ||
| 100 |
_aAjit Kumar _97833 |
||
| 245 | _aBasic course in real analysis | ||
| 260 |
_aBoca Raton _bCRC press _c2022 |
||
| 300 | _axix+302 | ||
| 650 |
_aMathematical analysis _97786 |
||
| 650 |
_aInfinite series _97834 |
||
| 650 |
_aRiemann integral _97835 |
||
| 700 |
_aKumaresan, S _97819 |
||
| 942 |
_2ddc _cBK |
||
| 999 |
_c755014 _d755014 |
||